Mi primer libro de ballet / (Registro nro. 10249)
[ vista simple ]
| 000 -LIDER | |
|---|---|
| fixed length control field | 00884nam a22002657a 4500 |
| 001 - NÚMERO DE CONTROL | |
| Identificador de número de control | 0003697 |
| 003 - IDENTIFICACDOR DE NÚMERO DE CONTROL | |
| control field | DO-SdBNP |
| 005 - DATE AND TIME OF LATEST TRANSACTION | |
| control field | 20180403102014.0 |
| 007 - CAMPOS FIJOS DE DESCRIPCIÓN FÍSICA | |
| fixed length control field | 0003697 |
| 008 - ELEMENTOS DE LONGITUD FIJA | |
| fixed length control field | 160601b 2007 sp | 00| 0 spa d |
| 020 ## - ISBN | |
| International Standard Book Number | 9788478719174 |
| 040 ## - FUENTE DE CATALOGACIÓN | |
| Agencia que crea de manera original el registro | BPMSU |
| Idioma de catalogación | spa |
| Agencia que realiza la transcripción | BPMSU |
| 092 ## - LOCALLY ASSIGNED DEWEY DECIMAL CALL NUMBER | |
| Número de clasificación | xxxxxx |
| Número de ítem (Cutter) | xxxxxx |
| 100 1# - ASIENTO PRINCIPAL -- NOMBRE PERSONAL | |
| Nombre personal | Castle, Kate |
| 240 10 - TITULO UNIFORME | |
| Título uniforme | My first ballet book |
| Idioma de una obra | Español. |
| 245 10 - MENCIÓN DE TITULO | |
| Título | Mi primer libro de ballet / |
| Mención de responsabilidad | Kate Castle ; directora del ballet Anna du Boisson ; [de la traducción, Ana Duesa Esmendía]. |
| 260 ## - PUBLICACIÓN, DISTRIBUCIÓN, ETC. (PIE DE IMPRENTA) | |
| Lugar de publicación, distribución, etc | Barcelona : |
| Nombre del editor, distribuidor, etc. | Molino : RBA Libros, |
| Fecha de publicación, distribución, etc | 2007. |
| 300 ## - DESCRIPCIÓN FÍSICA | |
| Extensión | 48 p. : |
| Otros detalles físicos | il. ; |
| Dimensiones | 28 cm |
| 500 ## - NOTA GENERAL | |
| Nota general | "Desde barras y zapatillas hasta pliés y actuaciones"--Cover.<br/> |
| 700 12 - ASIENTO SECUNDARIO -- NOMBRE PERSONAL | |
| Nombre personal | Boisson, Anna du, |
| Mención de responsabilidad | dir. |
| 700 12 - ASIENTO SECUNDARIO -- NOMBRE PERSONAL | |
| Nombre personal | Duesa Esmendía, Ana, |
| Mención de responsabilidad | tr. |
| 942 ## - ADDED ENTRY ELEMENTS (KOHA) | |
| Source of classification or shelving scheme | Dewey Decimal Classification |
| Koha item type | Libros |
| 945 ## - INFORMACIÓN DE PROCESAMIENTO LOCAL | |
| Información de procesamiento local | Inventariado, 2018/ YL |
| 956 ## - LOCAL ELECTRONIC LOCATION AND ACCESS (OCLC) | |
| Método de acceso | LOPEREZ |
| Materiales especificados | 10 |
| Enlace | 201600601 |
| Campo enlazado y núm. de secuencia | BPMSU |
| Nombre de host | 00041 |
| Withdrawn status | Lost status | Source of classification or shelving scheme | Damaged status | Not for loan | Collection code | Home library | Current library | Date acquired | Source of acquisition | Total Checkouts | Barcode | Date last seen | Price effective from | Koha item type |
|---|---|---|---|---|---|---|---|---|---|---|---|---|---|---|
| Dewey Decimal Classification | Colección Infantil General | Biblioteca Pública Metropolitana Salomé Ureña | Biblioteca Pública Metropolitana Salomé Ureña | 06/01/2016 | Donación | BPMSU16060008 | 06/01/2016 | 06/01/2016 | Libros |